Women workers in leather industry in Tamil Nadu / (Record no. 27106)
[ view plain ]
| 000 -LEADER | |
|---|---|
| fixed length control field | 00478nam a2200145Ia 4500 |
| 041 ## - LANGUAGE CODE | |
| Language code of text/sound track or separate title | English |
| 082 ## - DEWEY DECIMAL CLASSIFICATION NUMBER | |
| Classification number | RS.0818 |
| 100 ## - MAIN ENTRY--AUTHOR NAME | |
| Personal name | Sivasankar, V. |
| Affiliation | Muthurangam Government Arts College |
| 245 #0 - TITLE STATEMENT | |
| Title | Women workers in leather industry in Tamil Nadu / |
| Statement of responsibility, etc | V. Sivasankar |
| 260 ## - PUBLICATION, DISTRIBUTION, ETC. (IMPRINT) | |
| Place of publication | New Delhi : |
| Name of publisher/Sponsor | Indian Council of Social Science Research, |
| Year of publication | 2015 |
| 300 ## - PHYSICAL DESCRIPTION | |
| Number of Pages | 340p. |
| 650 ## - SUBJECT ADDED ENTRY--TOPICAL TERM | |
| Topical Term | Occupational training for women |
| Geographic subdivision | India |
| -- | Tamil Nadu |
| 650 ## - SUBJECT ADDED ENTRY--TOPICAL TERM | |
| Topical Term | Women--Employment |
| 942 ## - ADDED ENTRY ELEMENTS (KOHA) | |
| Source of classification or shelving scheme | Dewey Decimal Classification |
| Koha item type | Books |
| Withdrawn status | Lost status | Damaged status | Not for loan | Collection code | Home library | Current library | Date acquired | Source of acquisition | Full call number | Accession Number | Price effective from | Koha item type |
|---|---|---|---|---|---|---|---|---|---|---|---|---|
| Not For Loan | ICSSR Research Project Reports | NASSDOC Library | NASSDOC Library | 24/11/2021 | Gifted by: RP Division ICSSR | RS.0818 | 51738 | 21/12/2021 | Research Reports |
